Troy : (Record no. 109754)
[ view plain ]
| 000 -LEADER | |
|---|---|
| fixed length control field | 00403nam a2200157 a 4500 |
| 005 - DATE AND TIME OF LATEST TRANSACTION | |
| control field | 20140414093848.0 |
| 008 - FIXED-LENGTH DATA ELEMENTS--GENERAL INFORMATION | |
| fixed length control field | 110520s19uu xx 00 eng d |
| 020 ## - INTERNATIONAL STANDARD BOOK NUMBER | |
| International Standard Book Number | 1419858815 |
| 050 ## - LIBRARY OF CONGRESS CALL NUMBER | |
| Classification number | DVD 880 |
| Item number | TRO 2007 |
| 100 ## - MAIN ENTRY--PERSONAL NAME | |
| Personal name | Pitt, Brad |
| 245 ## - TITLE STATEMENT | |
| Title | Troy : |
| Remainder of title | Director's cut / |
| Statement of responsibility, etc | Brad Pitt. |
| 260 ## - PUBLICATION, DISTRIBUTION, ETC. (IMPRINT) | |
| Place of publication, distribution, etc | California : |
| Name of publisher, distributor, etc | Warner brothers, |
| Date of publication, distribution, etc | 2007. |
| 650 ## - SUBJECT ADDED ENTRY--TOPICAL TERM | |
| Topical term or geographic name as entry element | Mythology |
| 942 ## - ADDED ENTRY ELEMENTS (KOHA) | |
| Koha item type | Audio Visual Materials |
| Withdrawn status | Lost status | Damaged status | Home library | Current library | Shelving location | Date acquired | Source of acquisition | Total Checkouts | Full call number | Barcode | Date last seen | Price effective from | Koha item type |
|---|---|---|---|---|---|---|---|---|---|---|---|---|---|
| Luxembourg Library | Luxembourg Library | Audio Visual Material Section | 05/20/2011 | DVD 880 TRO 2007 | AV1423 | 04/14/2014 | 04/14/2014 | Audio Visual Materials |